000 00295nam a22001337a 4500
008 170612b xxu||||| |||| 00| 0 eng d
020 _ab004l2knak
041 _aeng
080 _a94(7/8)
100 _a19
101 _aSHH
245 _aMAKING THE AMERICAN SELF
_cEDWARDS, J
942 _2udc
_cBK
999 _c17014
_d17014